LEADER 01268nam a2200301 a 4500 001 000000132258 003 CaOOAMICUS 005 20121219174756.0 008 121219s2011 it u000 u ita r 020 $a978-88-315-4064-3 040 $aPUL$bita 082 04$a302.2 100 1 $aDe Blasio, Emiliana.$0(OLS)http://pul/name/78703 245 10$aSupereroi e vampiri :$bi giovani e le forme di partecipazione sociale tra tv e rete /$cEmiliana De Blasio. 260 $aMilano :$bPaoline,$c2011. 300 $a122 p. ;$c19 cm. 490 1 $aLab Media ;$v06 504 $aBibliografia p. 121. 650 4$aMass media$xAspetti sociali.$0(OLS)http://pul/subject/36496 830 0$aLab Media ;$v06.$0(OLS)http://pul/title/167080 850 $aPUL 852 $aPUL$W1$xSL Diritto e Scienze Sociali 3$y79$m302. 2 DEBEM 2$j152197$qDDC 21$B151548$CPULBib$Z2$F151548 $H121295 $82 941 1 $a9 996 $6020$a978-88-315-4064-3$9(OLS)http://pul/number/151431 996 $6082$a302.2$9(OLS)http://pul/classification/1735 996 $6245$aSupereroi e vampiri :$bi giovani e le forme di partecipazione sociale tra tv e rete$9(OLS)http://pul/title/167079 996 $6260$aMilano :$bPaoline$9(OLS)http://pul/publisher/60808 LEADER 01309nam a2200301 a 4500 001 000000122727 003 CaOOAMICUS 005 20100824155522.0 008 100824t2010 it u000 u ita r 020 $a978-88-452-6476-4 040 $aPUL$bita$dReb 082 04$a401 100 1 $aPaolucci, Claudio.$0(OLS)http://pul/name/77104 245 10$aStrutturalismo e interpretazione :$bambizioni per una semiotica "minore" /$cClaudio Paolucci. 260 $aMilano :$bBompiani,$cİ2010. 300 $a529 p. ;$c22 cm 490 1 $aStudi Bompiani.$aIl campo semiotico 504 $aBibliografia: p. [501]-529. 650 4$aSemiotica.$0(OLS)http://pul/subject/9849 650 4$aStrutturalismo.$0(OLS)http://pul/subject/477 830 0$aStudi Bompiani.$pIl campo semiotico.$0(OLS)http://pul/title/97091 850 $aPUL 852 $aPUL$W1$xSL Cons. Gen., Altre Classi 3$y75$m401 PAOCL 1$j140960$qDDC 21$B140040$CPULBib$Z2$F140040 $H114664 $82 941 1 $a9 996 $6020$a978-88-452-6476-4$9(OLS)http://pul/number/145151 996 $6082$a401$9(OLS)http://pul/classification/494 996 $6245$aStrutturalismo e interpretazione :$bambizioni per una semiotica "minore"$9(OLS)http://pul/title/154698 996 $6260$aMilano :$bBompiani$9(OLS)http://pul/publisher/48240